[Event "GER-ch U25 op-C"]
[Site "Willingen"]
[Date "2024.05.19"]
[Round "2"]
[White "Muhl, Jakob"]
[Black "Prokscha, Marlene"]
[Result "1/2-1/2"]
[WhiteElo "1043"]
[BlackElo "1230"]
[PlyCount "140"]
[EventDate "2024.05.19"]
[EventType "swiss"]
[EventRounds "9"]
[EventCountry "GER"]
[SourceTitle "EXT 2025"]
[Source "ChessBase"]
[SourceDate "2024.10.14"]
[SourceVersion "1"]
[SourceVersionDate "2024.10.14"]
[SourceQuality "1"]

1. e4 e6 2. d4 d5 3. e5 c5 4. Nf3 Nc6 5. Bb5 Qb6 6. Bxc6+ bxc6 7. 0-0 cxd4 8. Nxd4 Bc5 9. Nf3 Ba6 10. Re1 Bxf2+ 11. Kh1 Bxe1 12. Qxe1 Qb5 13. Kg1 Qe2 14. Qxe2 Bxe2 15. Nc3 Bxf3 16. gxf3 Rb8 17. b3 f6 18. exf6 Nxf6 19. Ba3 Kf7 20. f4 Rhe8 21. Re1 Nd7 22. Re2 d4 23. Ne4 Kg6 24. Rg2+ Kh6 25. Bb2 e5 26. fxe5 Nxe5 27. Bxd4 Nf3+ 28. Kf2 Nxd4 29. Nd6 Re2+ 30. Kg1 Rxg2+ 31. Kxg2 Nxc2 32. Nf7+ Kg6 33. Ne5+ Kf5 34. Nxc6 Rb7 35. Kf3 Rc7 36. Na5 Rc3+ 37. Ke2 Nd4+ 38. Kd2 Ke4 39. Kxc3 g5 40. Nc4 g4 41. Nd2+ Ke3 42. Nf1+ Ke4 43. Ng3+ Ke5 44. Kd3 Nf3 45. Nf1 Kf4 46. Ke2 h5 47. Kf2 h4 48. a4 Nxh2 49. Nxh2 g3+ 50. Kg2 gxh2 51. Kxh2 Kg4 52. b4 Kf4 53. a5 Ke5 54. b5 Kd6 55. b6 a6 56. b7 Kc7 57. b8Q+ Kxb8 58. Kh3 Kc7 59. Kxh4 Kc6 60. Kg3 Kb5 61. Kf3 Kxa5 62. Ke2 Kb4 63. Kd2 Kb3 64. Kc1 a5 65. Kb1 a4 66. Ka1 a3 67. Kb1 Ka4 68. Ka1 Kb3 69. Kb1 a2+ 70. Ka1 Ka3 1/2-1/2